000 00604nam a22001457a 4500
005 20180222114213.0
008 180115b xxu||||| |||| 00| 0 eng d
040 _cPK-LaUMT
082 _aPKAC 320.95491
_bKHU-P
100 _aKhurshid Ahmed
245 _aPakistan pachaswin yaum a azadi kay mauqay per(پاکستان پچاسویں یوم آزادی کے موقع پر)
_cKhurshid Ahmed
_b117426 , 117422 , 117518 , 117508 , 117509 , 117322 , 117511 , 117512 , 117521 , 117527 , 117516 , 117515 , 117513 , 117519 , 117528
260 _aلاہور:
_bمنشورات،
_c1996
300 _a15
942 _cBK
999 _c101639
_d101639